000 00659nam a2200241Ia 4500
003 OSt
005 20220918202457.0
006 a|||||r|||| 00| 0
007 ta
008 220917b |||||||| |||| 00| 0 eng d
024 _a101,514
037 _cTextual
040 _aARTS
_cARTS
_beng
041 _2eng
_aeng
082 _aV2,21y7N17.N80, M1
100 _aSood P
_9100925
245 0 _aRe-emergence of Indira Gandhi's great age begins a new
260 _aNew Delhi
_bS Chand and Company
_c1981
300 _axvi, 208p.
_ccm.
650 _aHISTORY
942 _hV2,21y7N17.N80, M1
_cTEXL
_2CC
999 _c224995
_d224995